| 000 | 00912cam8a220021700 4500 | ||
|---|---|---|---|
| 001 | tmp15963986 | ||
| 003 | UPRA | ||
| 005 | 20190830111143.0 | ||
| 008 | 951116s1928 za eng u | ||
| 035 | _a(Sirsi) r27236 | ||
| 035 | _a(UPRA)tmp15963986 | ||
| 040 | _cUPRA | ||
| 111 | 2 |
_aGeneral Missionary Conference of Northern Rhodesia. _6A91240.1 |
|
| 245 | 1 | 0 | _aProceedings of the ... [fifth] Conference ... held at Livingstone, 18th to 25th July, 1927. |
| 260 |
_a[Livingstonia] : _bLovedale Institution Press, _c[1928?] |
||
| 500 | _aMissionary directory: p. 173-183. | ||
| 650 | 0 |
_aMissions -- Zambia -- Congresses. _zMissions -- Zambia -- Congresses. _xMissions -- Zambia -- Congresses. _6S65404.1 |
|
| 650 | 0 |
_aMissions -- Zambia -- Directories. _zMissions -- Zambia -- Directories. _xMissions -- Zambia -- Directories. _6S65405.1 |
|
| 949 |
_aBV3625 _wlcc _i-28465 _mMAIN _tBOOK _lON-SHELF |
||
| 004 | 27236 | ||
| 999 |
_c189082 _d189082 |
||